INTRODUCTION TO ENGINEERING MATERIALS (Record no. 44106)
[ view plain ]
| 000 -LEADER | |
|---|---|
| fixed length control field | nam a22 7a 4500 |
| 003 - CONTROL NUMBER IDENTIFIER | |
| control field | OSt |
| 005 - DATE AND TIME OF LATEST TRANSACTION | |
| control field | 20180503101234.0 |
| 008 - FIXED-LENGTH DATA ELEMENTS--GENERAL INFORMATION | |
| fixed length control field | 180503b xxu||||| |||| 00| 0 eng d |
| 040 ## - CATALOGING SOURCE | |
| Transcribing agency | IIMT UNIVERSITY, MEERUT |
| 050 ## - LIBRARY OF CONGRESS CALL NUMBER | |
| Classification number | 621.252AGR |
| Item number | 294 |
| 082 ## - DEWEY DECIMAL CLASSIFICATION NUMBER | |
| Edition number | 15 |
| Classification number | 621.252AGR |
| Item number | 294 |
| 100 ## - MAIN ENTRY--PERSONAL NAME | |
| Personal name | AGARWAL, B K |
| 245 ## - TITLE STATEMENT | |
| Title | INTRODUCTION TO ENGINEERING MATERIALS |
| Statement of responsibility, etc. | AUTHOR |
| Medium | ENGLISH |
| 250 ## - EDITION STATEMENT | |
| Edition statement | 15 |
| 260 ## - PUBLICATION, DISTRIBUTION, ETC. | |
| Place of publication, distribution, etc. | DELHI |
| Name of publisher, distributor, etc. | TMH |
| Date of publication, distribution, etc. | 2004 |
| 300 ## - PHYSICAL DESCRIPTION | |
| Other physical details | 15TH ED. 353 P P. |
| 760 ## - MAIN SERIES ENTRY | |
| Edition | 15TH |
| 856 ## - ELECTRONIC LOCATION AND ACCESS | |
| Materials specified | PAPERBACK |
| 887 ## - NON-MARC INFORMATION FIELD | |
| Source of data | ACCESSION REGISTER |
| 942 ## - ADDED ENTRY ELEMENTS (KOHA) | |
| Source of classification or shelving scheme | |
| Koha item type | Text-Book- for 7 days |
| Edition | 15TH |
| Classification part | TITLE |
| Item part | BOOK |
| Call number prefix | 621.252AGR |
| Call number suffix | 621.252AGR |
No items available.

